|
|
|
|
| LEADER |
00000nam0a2200000 4500 |
| 001 |
307773 |
| 005 |
20231102002027.0 |
| 035 |
|
|
|a (RuTPU)RU\TPU\book\333078
|
| 090 |
|
|
|a 307773
|
| 100 |
|
|
|a 20151026d1981 k y0rusy50 ca
|
| 101 |
0 |
|
|a rus
|
| 102 |
|
|
|a RU
|
| 105 |
|
|
|a a z 001zy
|
| 200 |
1 |
|
|a Метаморфические формации и метаморфогенные месторождения
|e сборник научных трудов
|f Академия наук СССР (АН СССР), Сибирское отделение (СО), Институт геологии и геофизики (ИГиГ) ; под ред. Н. Л. Добрецова
|
| 210 |
|
|
|a Новосибирск
|c Изд-во ИГиГ
|d 1981
|
| 215 |
|
|
|a 80 с.
|c ил.
|
| 320 |
|
|
|a Библиогр.: с. 69-79
|
| 606 |
1 |
|
|a Горные породы, метаморфические
|x Петрография
|2 stltpush
|3 (RuTPU)RU\TPU\subj\8136
|9 35620
|
| 610 |
1 |
|
|a классификация
|
| 610 |
1 |
|
|a Южная Сибирь
|
| 610 |
1 |
|
|a Алтай
|
| 610 |
1 |
|
|a Саяны
|
| 610 |
1 |
|
|a Прибайкалье
|
| 610 |
1 |
|
|a алданский щит
|
| 610 |
1 |
|
|a петрохимия
|
| 610 |
1 |
|
|a геохимические исследования
|
| 610 |
1 |
|
|a математическая статистика
|
| 610 |
1 |
|
|a применение
|
| 610 |
1 |
|
|a апатитовые руды
|
| 610 |
1 |
|
|a генетические модели
|
| 610 |
1 |
|
|a построение
|
| 675 |
|
|
|a 552.4
|v 4
|
| 702 |
|
1 |
|a Добрецов
|b Н. Л.
|4 340
|
| 712 |
0 |
2 |
|a Академия наук СССР (АН СССР)
|b Сибирское отделение (СО)
|b Институт геологии и геофизики (ИГиГ)
|c (Новосибирск)
|2 stltpush
|3 (RuTPU)RU\TPU\col\128
|
| 801 |
|
1 |
|a RU
|b 63413507
|c 20151026
|
| 801 |
|
2 |
|a RU
|b 63413507
|c 20191025
|g RCR
|
| 942 |
|
|
|c BK
|